১৯৭১ : জাতীয় ও আন্তর্জাতিক গণমাধ্যম /

Bibliographische Detailangaben
1. Verfasser: চৌধুরী, আফসান
Format: Buch
Sprache:Bengali
Veröffentlicht: ঢাকা : ঐতিহ্য, ২০২৩.
Schlagworte:
Classic Catalogue: View this record in Classic Catalogue
LEADER 01523nam a22002897a 4500
001 45326
003 BD-DhAAL
005 20260206203020.0
008 260206t2023 bg ||||| b||| 001 0 ben d
020 |a 9789847769189 
020 |a 9789847769172 
040 |a BD-DhAAL  |c BD-DhAAL 
041 |a ben 
082 |a 954.9205  |2 22 
100 |a চৌধুরী, আফসান.  |9 59965 
245 |a ১৯৭১ :  |b জাতীয় ও আন্তর্জাতিক গণমাধ্যম /  |c আফসান চৌধুরী. 
260 |a ঢাকা :  |b ঐতিহ্য,  |c ২০২৩. 
300 |a ৩৮২ পৃষ্ঠা ;  |c ২২ সে.মি. 
504 |a গ্রন্থপঞ্জিগত নির্দেশিকা ও নিঘন্ট অন্তর্ভুক্ত 
526 |a ENH  |x Sabreena Ahmed, PhD Associate Professor Department of English and Humanities  
541 |a Hye Trade International  |e 45326 
651 |a India-Pakistan Conflict, 1971  |x Mass media and the conflict.  |9 60243 
651 |a Bangladesh  |x History  |y Revolution, 1971. 
651 |a Bangladesh  |x History  |y Revolution, 1971  |x Mass media and the revolution. 
942 |2 ddc  |c BK 
999 |c 47679  |d 47679 
952 |0 0  |1 0  |2 ddc  |4 0  |6 954_920500000000000_CHO  |7 0  |9 78749  |a BRACUL  |b BRACUL  |c BNC  |d 2026-01-29  |e Hye Trade International  |g 663.00  |l 0  |o 954.9205 CHO  |p 3010045326  |r 2026-01-29  |t 1  |v 1326.00  |w 2026-01-29  |y BK  |x Requisitioned by Sabreena Ahmed, PhD (Associate Professor, Department of English and Humanities, BRAC University)